01524nab a2200481 a 450000100060000000300080000600500170001400600190003100700150005000800410006502200160010603500210012204000260014305000220016908000100019110000330020122200140023424501090024826000360035730000150039336200340040853301640044265000250060665000180063165000200064965000180066965000180068765000240070565000170072965000160074665000230076265000150078565000280080065000180082865000140084665000210086065000160088165500320089771000190092974000150094885600620096399900170102536376FlNmELB20241216221419.0m o d | cr cn|||||||||200706r20012006sp |||||s|||||||||||spa d z15786730169 a(OCoLC)955377715 aFlNmELBbspacFlNmELB 4aBF57bD673 2001eb a316.61 aDomínguez Rubio, Fernando. 0aNómadas10aTeoría de las representaciones socialesh[recurso electronico]bapuntes /cFernando Domínguez Rubio. aMadrid :bRed Nómadas,c2001. a[3-17 p.].0 aNúm. 003 (Enero-Jun. 2001)- aRecurso electrónico. Santa Fe, Arg.: e-libro, 2015. Disponible vía World Wide Web. El acceso puede estar limitado para las bibliotecas afiliadas a e-libro. 4aPsicología social. 4aPsicología. 4aAntropología. 4aIdeologías. 4aSociología. 4aProblemas sociales. 4aFilosofía. 0aPsychology. 0aSocial psychology. 0aSociology. 0aPsychologyxPhilosophy. 0aAnthropology. 0aIdeology. 0aSocial problems. 0aPhilosophy. 4aArtículos electrónicos.2 ae-libro, Corp.02aNómadas.40uhttps://elibro.net/ereader/politecnicointernacional/21781 c36376d36376